| Tag |
First Indicator |
Second Indicator |
Subfields |
| LEADER |
00000cam a2200000 a 4500 |
| 001 |
in00000007015 |
| 005 |
20151004080008.0 |
| 008 |
871106s1987 gw 00010 ger d |
| 020 |
|
|
|a 3455018939
|
| 035 |
|
|
|a (OCoLC)16946159
|
| 035 |
|
|
|9 AAA1478AM
|
| 040 |
|
|
|a MUU
|c MUU
|d UtOrBLW
|
| 049 |
|
|
|a TXAM
|c [A12581433]
|
| 050 |
|
4 |
|a PT2675.S65
|b W6 1987
|
| 100 |
1 |
|
|a Ossowski, Leonie,
|d 1925-
|
| 245 |
1 |
0 |
|a Wolfsbeeren :
|b Roman /
|c Leonie Ossowski.
|
| 264 |
|
1 |
|a Hamburg :
|b Hoffmann und Campe,
|c [1987]
|
| 264 |
|
4 |
|c ©1987
|
| 300 |
|
|
|a 477 pages ;
|c 21 cm.
|
| 336 |
|
|
|a text
|b txt
|2 rdacontent
|
| 337 |
|
|
|a unmediated
|b n
|2 rdamedia
|
| 338 |
|
|
|a volume
|b nc
|2 rdacarrier
|
| 999 |
|
|
|a MARS
|
| 999 |
f |
f |
|s 1c1e77d9-c708-3c53-bad5-4635aa454631
|i f8671db0-a964-3637-ba12-d248363b7a16
|t 0
|
| 952 |
f |
f |
|p ric
|a Texas A&M University
|b Rellis Campus
|c Joint Library Facility
|d Remote Storage
|t 0
|e PT2675.S65 W6 1987
|h Library of Congress classification
|i unmediated -- volume
|m A14812581433
|
| 998 |
f |
f |
|a PT2675.S65 W6 1987
|t 0
|l Remote Storage
|